| 000 | 00618nam a22002293a 4500 | ||
|---|---|---|---|
| 999 |
_c8797 _d8797 |
||
| 001 | 8797 | ||
| 003 | BD-JhCC | ||
| 005 | 20180304100535.0 | ||
| 008 | 500101s1959 xx 000 0 eng d | ||
| 035 | _a(BD-JhCC)8797 | ||
| 040 |
_aEQO _cEQO _dBD-JhCC |
||
| 041 | _aeng | ||
| 082 |
_a808.0427 _bBRO 1959 |
||
| 100 | _aBrown, Thomas M. | ||
| 245 | 0 | 4 |
_aThe Modern English readers / _c(Gen. ed.: H.J.L. Robbie) _nThomas M. Brown, |
| 260 |
_aLond. &c, _c1959 |
||
| 300 |
_a156 p. : _c19 cm. |
||
| 650 | _aEnglish Language | ||
| 700 | 1 |
_aRobbie, H. J. L. _q(Herbert James Liddle) |
|
| 942 |
_2ddc _cBK |
||